000 00355 a2200169 4500
001 187127
020 _a85-16-03115-2
040 _cMagnum
100 _aSallut, Elza Cesar
240 1 0 _aA casinha do tatu
_lpor
245 1 0 _aA casinha do tatu
300 _a31
362 0 _a2010
440 1 _aModerna
697 _aLITERATURA INFANTO
942 _cBK
999 _c187127
_d187127